[Event "10th It"]
[Site "Tuzla BIH"]
[Date "2004.11.23"]
[Round "8"]
[White "Marinkovic,Sl"]
[Black "Tomic,Bos"]
[Result "1/2-1/2"]
[WhiteElo "2434"]
[BlackElo "2284"]

1.e4 c5 2.Nf3 e6 3.d4 cxd4 4.Nxd4 a6 5.Bd3 Qc7 6.O-O Nf6 7.Qe2 d6 8.f4 Nbd7
9.c4 Be7 10.b3 b6 11.Bb2 Bb7 12.Nd2 Qc5 13.Kh1 h5 14.f5 e5 15.Nc2 h4 16.b4 Qc7
17.Ne3 Nh5 18.Nd5 Qd8 19.Nf3 Ndf6 20.Rad1 Ng4 21.Ng1 Ngf6 22.Nh3 Nxd5 23.cxd5 Bg5
24.Bc1 Bxc1 25.Rxc1 b5 26.Qf2 Nf6 27.Rc2 Rc8 28.Rfc1 Rxc2 29.Rxc2 Ke7 30.Qe3  1/2-1/2

[Event "Petrosian Mem Open"]
[Site "Yerevan ARM"]
[Date "2004.11.23"]
[Round "5"]
[White "Frolyanov,D"]
[Black "Melkumyan,H"]
[Result "1-0"]
[WhiteElo "2486"]
[BlackElo "2315"]

1.e4 c5 2.Nf3 e6 3.d4 cxd4 4.Nxd4 a6 5.Bd3 Qc7 6.O-O Nf6 7.Qe2 d6 8.c4 Nbd7
9.Nc3 g6 10.Nf3 Bg7 11.Bf4 Nh5 12.Bg5 O-O 13.Rac1 h6 14.Be3 Rd8 15.Qd2 Kh7
16.Be2 Nhf6 17.Rfd1 Ng4 18.Ng5+ hxg5 19.Bxg4 f5 20.exf5 gxf5 21.Nd5 exd5
22.Bxf5+ Kh8 23.cxd5 Qb8 24.Bxg5 Rf8 25.Qf4 Rxf5 26.Qxf5 Ne5 27.Qf4 Bg4 28.Bf6 Qg8
29.Qh6+ Qh7 30.Bxg7+ Kg8 31.f3  1-0

[Event "Acropolis WGM Open"]
[Site "Athens GRE"]
[Date "2004.11.24"]
[Round "9"]
[White "Stefanidi,MA"]
[Black "Ikonomopoulou,M"]
[Result "1-0"]
[WhiteElo "2092"]
[BlackElo "2014"]

1.e4 c5 2.Nf3 a6 3.d4 cxd4 4.Nxd4 e6 5.Bd3 Bc5 6.Nb3 Be7 7.O-O d6 8.Nc3 Nf6
9.Qe2 Nbd7 10.a4 b6 11.f4 Qc7 12.f5 Ne5 13.Kh1 h5 14.fxe6 fxe6 15.Bf4 Neg4
16.h3 e5 17.Bg5 Qd8 18.Qf3 Be6 19.Nd5 Ra7 20.Kg1 Bxd5 21.exd5 e4 22.Bxe4 Ne5
23.Qe3 Nxd5 24.Bxd5 Bxg5 25.Bc6+ Rd7 26.Bxd7+ Kxd7 27.Qe4 Re8 28.Qf5+ Kc7
29.Rae1 g6 30.Qe4 Kd7 31.Nd4 Qc8 32.Qd5 Qc5 33.Qxc5 bxc5 34.Nf3 Nxf3+ 35.gxf3 Rb8
36.b3 Rf8 37.Re4 Bf6 38.f4 d5 39.Re2 Bd4+ 40.Kg2 Rf5 41.h4 Bf6 42.Kg3 Be7
43.Re5 Rxe5 44.fxe5 Ke6 45.Re1 a5 46.Re2 Bd8 47.Rh2 Bc7 48.Kf3 Bxe5 49.Rg2 Kf5
50.Rg5+ Kf6 51.Kg2 c4 52.Kf3 cxb3 53.cxb3 d4 54.Ke4 Bc7 55.Kxd4 Bb6+ 56.Ke4 Bf2
57.Rxa5 Bxh4 58.b4 Be1 59.Ra6+ Kg5 60.b5 h4 61.Kf3 Kf5 62.b6 g5 63.b7 g4+
64.Kg2 Bg3 65.Ra8 Ke4 66.b8=Q Bxb8 67.Rxb8 Kf4 68.Rb4+ Kf5 69.a5  1-0

[Event "Acropolis WGM Open"]
[Site "Athens GRE"]
[Date "2004.11.24"]
[Round "9"]
[White "Krivec,J"]
[Black "Botsari,A"]
[Result "1/2-1/2"]
[WhiteElo "2214"]
[BlackElo "2362"]

1.e4 c5 2.Nf3 e6 3.d4 cxd4 4.Nxd4 a6 5.Bd3 d5 6.exd5 Qxd5 7.O-O Bd7 8.Be3 Nf6
9.c4 Qd6 10.Nc3 Nc6 11.Ne4 Nxe4 12.Bxe4 Rc8 13.Rc1 Be7 14.c5 Qc7 15.f4 Bf6
16.Rf2 O-O 17.Nf3 Rfd8 18.Qc2 h6 19.g4 Be8 20.Qc4 Na5 21.Qf1 Bb5 22.Qh3 Bd3
23.g5 Be7 24.Nd2 Bxe4 25.Nxe4 Qc6 26.Qg2 hxg5 27.b4 Rd3 28.Re2 gxf4 29.Bxf4 f5
30.Be5 Bf8 31.Nf2 Qxg2+ 32.Kxg2 Rd5 33.bxa5 Rcxc5 34.Rxc5 Rxc5 35.Bd4 Rxa5
36.Rxe6 Rxa2 37.Rb6 Rd2 38.Be3 Rd7 39.Kf3 Bd6 40.h4 Be7 41.h5 Bd8 42.Rg6 Kf7
43.Nh3 Bf6 44.Ng5+ Kg8 45.Ne6 Kf7 46.Ng5+ Kg8 47.Kf4 Re7 48.Bb6 Rd7 49.Kxf5 Rd5+
50.Kf4 a5 51.Ne4 Be5+ 52.Kg4 Rb5 53.h6 Kh7 54.hxg7 Bxg7 55.Re6 Bb2 56.Ng5+ Kg7
57.Re7+ Kf6 58.Re6+ Kg7 59.Kh5 Bf6 60.Be3 Re5 61.Rxe5 Bxe5 62.Ne6+ Kf6 63.Nc5 b5
64.Kg4 a4 65.Kf3 a3 66.Ke4 a2 67.Nb3  1/2-1/2

[Event "10th It"]
[Site "Tuzla BIH"]
[Date "2004.11.24"]
[Round "10"]
[White "Rosic,S1"]
[Black "Tomic,Bos"]
[Result "0-1"]
[WhiteElo "2293"]
[BlackElo "2284"]

1.e4 c5 2.Nf3 e6 3.d4 cxd4 4.Nxd4 a6 5.Bd3 Qc7 6.O-O Nf6 7.Nc3 b5 8.Kh1 Bb7
9.a3 d6 10.Bg5 Nbd7 11.Qd2 Be7 12.Rad1 h6 13.Bh4 g5 14.Bg3 Nh5 15.Qe2 Nxg3+
16.fxg3 h5 17.Nf3 g4 18.Nd4 Ne5 19.Qf2 O-O-O 20.h4 gxh3 21.gxh3 Rdg8 22.Nf3 f5
23.Nxe5 dxe5 24.Qf3 Rg4 25.Rg1 Bc5 26.Rg2 h4 27.gxh4 Rgxh4 28.Rh2 Bd4 29.Bf1 Rxe4
30.Bg2 Re1+ 31.Rxe1 Bxf3 32.Bxf3 Bxc3 33.bxc3 Qxc3 34.Rf1 e4 35.Bg2 Qxa3
36.h4 Qg3  0-1

[Event "17th Belgrade Trophy"]
[Site "Obrenovac SCG"]
[Date "2004.11.27"]
[Round "6"]
[White "Cornette,M"]
[Black "Vojinovic,G"]
[Result "0-1"]
[WhiteElo "2373"]
[BlackElo "2447"]

1.e4 c5 2.Nf3 e6 3.d4 cxd4 4.Nxd4 a6 5.Bd3 Bc5 6.Nb3 Ba7 7.Qe2 Nc6 8.Be3 Bxe3
9.Qxe3 d6 10.N1d2 Nge7 11.O-O e5 12.a4 O-O 13.Rfd1 d5 14.exd5 Nxd5 15.Qf3 Nf4
16.Ne4 Qc7 17.Bc4 Kh8 18.Kh1 Be6 19.Bxe6 Nxe6 20.c3 f5 21.Nd6 e4 22.Qe3 Ne5
23.Rd5 Rad8 24.Rxe5 Qxd6 25.f4 Qd1+ 26.Rxd1 Rxd1+ 27.Qg1 Rxg1+ 28.Kxg1 Nxf4
29.Nd4 g6 30.Re7 b6 31.h4 Rc8 32.g3 Nd3 33.h5 gxh5 34.Nxf5 Nxb2 35.Rxe4 a5
36.Kg2 Rf8 37.Nd6 Rb8 38.Kf3 Kg7 39.Kf4 Kf6 40.Rd4 Rd8 41.Ne4+ Ke7 42.Ke5 Rxd4
43.cxd4 Nxa4 44.Kd5 Nb2 45.Kc6 a4 46.d5 Nc4 47.Nc3 a3 48.Kb5 Ne3 49.Kc6 Kd8
50.d6 Nf5 51.d7 Nd4+ 52.Kd6 Nf5+ 53.Kc6 b5 54.Ne4 a2  0-1

[Event "TCh-SLO"]
[Site "Celje SLO"]
[Date "2004.11.30"]
[Round "3"]
[White "Guid,M"]
[Black "Justin,M"]
[Result "0-1"]
[WhiteElo "2258"]
[BlackElo "2372"]

1.e4 c5 2.Nf3 e6 3.d4 cxd4 4.Nxd4 a6 5.Bd3 g6 6.Nc3 Bg7 7.Be3 d6 8.Qd2 Nd7
9.Nb3 Qc7 10.a4 b6 11.O-O Bb7 12.f3 Ngf6 13.a5 O-O 14.axb6 Nxb6 15.Na5 Bc8
16.Na4 Nxa4 17.Rxa4 d5 18.exd5 Nxd5 19.Rc4 Qb8 20.Bc5 Qxb2 21.Bxf8 Bxf8 22.Nb3 Bd7
23.Qc1 Qe5 24.Re4 Qc7 25.Kh1 a5 26.c4 Nb4 27.Bb1 a4 28.Na1 a3 29.Rd4 Bg7
30.Be4 Ra7 31.Rd2 f5 32.Bc2 Na6  0-1

[Event "XXI WJun Women"]
[Site "Kochin IND"]
[Date "2004.11.30"]
[Round "13"]
[White "Majdan,J"]
[Black "Sivasankari,P"]
[Result "0-1"]
[WhiteElo "2219"]
[BlackElo "2112"]

1.e4 c5 2.Nf3 e6 3.d4 cxd4 4.Nxd4 a6 5.Bd3 Nf6 6.O-O Qc7 7.Qe2 d6 8.c4 Nbd7
9.Nc3 Be7 10.Kh1 O-O 11.f4 b6 12.b3 Bb7 13.Bb2 Rac8 14.Rae1 Nc5 15.Bb1 Ba8
16.e5 Nfd7 17.b4 Nb7 18.Bxh7+ Kxh7 19.Qh5+ Kg8 20.Rf3 Qxc4 21.Rh3 f5 22.Qh7+ Kf7
23.Nxf5 exf5 24.Qh5+ g6 25.Qh7+ Ke8 26.exd6 Rf7 27.Qxg6 Nxd6 28.Qxd6 Qf1+
29.Rxf1 Bxd6 30.Rh8+ Rf8 31.Re1+ Kd8 32.Rh7 Bxb4 33.Rd1 Rc7 34.Na4 Rg8 35.Rg7 Rxg7
36.Bxg7 Kc8 37.h4 Rc2 38.Rg1 b5 39.a3 Bxa3 40.h5 bxa4 41.h6 Nf8 42.Re1 Bxg2+
43.Kh2 Be4+ 44.Kh3 Nh7 45.Be5 Bb2 46.Bxb2 Rxb2 47.Rg1 Kb8 48.Rg8+ Ka7 49.Kh4 a3
50.Rg7+ Rb7 51.Rg3 a2 52.Ra3 Bd5 53.Kh5 Bf7+  0-1

[Event "TCh-SWE Elitserien 2004-5"]
[Site "Stockholm/Eksjo SWE"]
[Date "2004.12.04"]
[Round "4"]
[White "Astrom,G"]
[Black "Couso,L"]
[Result "1/2-1/2"]
[WhiteElo "2308"]
[BlackElo "2339"]

1.e4 c5 2.Nf3 e6 3.d4 cxd4 4.Nxd4 a6 5.Bd3 Bc5 6.Nb3 Ba7 7.Qe2 Nc6 8.Be3 d6
9.Nc3 Nf6 10.f4 b5 11.O-O b4 12.Nd1 e5 13.a3 O-O 14.Bxa7 Rxa7 15.Ne3 bxa3
16.Rxa3 exf4 17.Rxf4 Nb4 18.Nd5 Nbxd5 19.exd5 Qb6+ 20.Qf2 Qxf2+ 21.Kxf2 Re8
22.h3 Re5 23.Rb4 Rc7 24.c4 Nd7 25.Na5 g6 26.Nc6 Re8 27.Be2 Nc5 28.Rb8 Kg7
29.Re3 Ne4+ 30.Kf3 f5 31.Bd3 Nf6 32.Rxe8 Nxe8 33.Ke3 Nf6 34.Kd4 Nd7 35.Ra8 Nb6
36.Rb8 Nd7 37.Ra8 Nb6 38.Rb8  1/2-1/2

[Event "ch-GRE w"]
[Site "Athens GRE"]
[Date "2004.12.05"]
[Round "2"]
[White "Makka,I"]
[Black "Botsari,A"]
[Result "0-1"]
[WhiteElo "2217"]
[BlackElo "2362"]

1.e4 c5 2.Nf3 e6 3.d4 cxd4 4.Nxd4 a6 5.Bd3 b5 6.O-O Bb7 7.a4 b4 8.Nd2 d6
9.Kh1 Nf6 10.Qe2 Nbd7 11.f4 Nc5 12.N4f3 Be7 13.e5 Nxd3 14.cxd3 Nd5 15.Ne4 O-O
16.Nfg5 h6 17.exd6 Bxd6 18.Nxd6 Qxd6 19.Ne4 Qe7 20.f5 exf5 21.Rxf5 Qe6 22.Qf2 Ne7
23.Rf3 Bxe4 24.dxe4 Qxe4 25.Be3 Ng6 26.Bc5 Rfc8 27.Re1 Qc4 28.Bd4 Re8 29.Rfe3 Rxe3
30.Qxe3 Rd8 31.Bb6 Rc8 32.h3 Qd5 33.Re2 Qd1+ 34.Re1 Qxa4 35.Bd4 Qd7 36.Ra1 Re8
37.Qf2 Re4 38.Bb6 Qe6 39.Rf1 Rf4 40.Qe1 Rxf1+ 41.Qxf1 Qxb6  0-1

[Event "It Chiburdanidze"]
[Site "Tblisi GEO"]
[Date "2004.12.05"]
[Round "3"]
[White "Tsereteli,T"]
[Black "Charkhalashvili,I"]
[Result "1/2-1/2"]
[WhiteElo "2292"]
[BlackElo "2278"]

1.e4 c5 2.Nf3 e6 3.d4 cxd4 4.Nxd4 a6 5.Bd3 Nf6 6.O-O d5 7.e5 Ng8 8.Kh1 Qc7
9.f4 g6 10.Bd2 Nd7 11.a4 Nc5 12.b4 Nxd3 13.cxd3 Qb6 14.Nc2 Bd7 15.Be3 Qc7
16.Qd2  1/2-1/2

[Event "ch-IND"]
[Site "Visakhapatnam IND"]
[Date "2004.12.05"]
[Round "2"]
[White "Sandipan,C"]
[Black "Prathamesh,S"]
[Result "1-0"]
[WhiteElo "2543"]
[BlackElo "2390"]

1.e4 c5 2.Nf3 e6 3.d4 cxd4 4.Nxd4 a6 5.Bd3 Nf6 6.O-O Qc7 7.Qe2 d6 8.c4 g6
9.Nc3 Bg7 10.Nf3 O-O 11.h3 Nbd7 12.Bf4 Nh5 13.Bh2 Bh6 14.Kh1 Ne5 15.Nd4 Nf4
16.Bxf4 Bxf4 17.Qc2 b6 18.Nde2 Bh6 19.f4 Nd7 20.Rad1 Bb7 21.Qd2 Rad8 22.b3 Rfe8
23.Qe1 Bg7 24.Qg3 Nf6 25.Bb1 Qb8 26.a4 Qa8 27.Qe3 d5 28.Qxb6 dxc4 29.Rxd8 Rxd8
30.bxc4 Rc8 31.Rd1 Nxe4 32.Bxe4 Bxe4 33.Nxe4 Qxe4 34.Qxa6 Rxc4 35.Rd8+ Bf8
36.Qd6 Kg7 37.Qxf8+ Kf6 38.Qh8+ Ke7 39.Rd1  1-0

[Event "UTD GM"]
[Site "Dallas USA"]
[Date "2004.12.08"]
[Round "2"]
[White "Fernandez,D"]
[Black "Simutowe,A"]
[Result "0-1"]
[WhiteElo "2391"]
[BlackElo "2424"]

1.e4 c5 2.Nf3 e6 3.d4 cxd4 4.Nxd4 a6 5.Bd3 Nf6 6.c4 Qc7 7.Nc3 d6 8.O-O g6
9.Qe2 Bg7 10.Be3 Nbd7 11.f4 O-O 12.Rae1 b6 13.Bb1 Bb7 14.Kh1 Rfc8 15.f5 gxf5
16.Nd5 exd5 17.Nxf5 dxe4 18.Qf2 Bf8 19.Qh4 Qxc4 20.Bd4 Qe6 21.Re3 Ne5 22.Rg3+ Kh8
23.Nh6 Bxh6 24.Rxf6 Rc1+ 25.Bg1 Be3 26.Rxe3 Qg4 27.Qf2 Rxb1 28.Rg3 Qd7 29.Qxb6 Rd8
30.Qe3 Rg8 31.Rh3 Rg6  0-1

[Event "Asian Women"]
[Site "Beirut LIB"]
[Date "2004.12.09"]
[Round "6"]
[White "Zigangirova,S"]
[Black "Sachdev,T"]
[Result "0-1"]
[WhiteElo "2330"]
[BlackElo "2256"]

1.e4 c5 2.Nf3 e6 3.d4 cxd4 4.Nxd4 a6 5.Bd3 Qc7 6.O-O Nf6 7.Qe2 Bc5 8.Nb3 Ba7
9.Nc3 Nc6 10.Kh1 b5 11.a3 h5 12.f4 d6 13.Be3 h4 14.Bxa7 Rxa7 15.Bxb5 axb5
16.Nxb5 Qe7 17.e5 Nh5 18.Qf3 Bd7 19.Nxa7 Nxa7 20.exd6 Qf6 21.Rfd1 Qxf4 22.Qxf4 Nxf4
23.Rd4 e5 24.Re1 Ne6 25.Rb4 Nc6 26.Rb6 O-O 27.a4 h3 28.gxh3 f5 29.a5 f4 30.a6 f3
31.Nd2 f2 32.Ra1 e4 33.Nf1 Nf4 34.a7 Nxa7 35.Ne3 Bxh3 36.Rba6 Nd5 37.Nf1 e3  0-1

[Event "It Chiburdanidze"]
[Site "Tblisi GEO"]
[Date "2004.12.09"]
[Round "7"]
[White "Melia,S"]
[Black "Charkhalashvili,I"]
[Result "1/2-1/2"]
[WhiteElo "2326"]
[BlackElo "2278"]

1.e4 c5 2.Nf3 e6 3.d4 cxd4 4.Nxd4 a6 5.Bd3 Qc7 6.O-O Nf6 7.Qe2 d5 8.e5 Ne4
9.Bxe4 Qxe5 10.Nxe6 Bxe6 11.Bf3 Qxe2 12.Bxe2 Nc6 13.Bf4 Be7 14.Nd2 O-O 15.Nb3 Bf6
16.Nc5 Bxb2 17.Rab1 Ba3 18.Nxb7 Nd4 19.Bd3 Rfc8 20.Rb6 Nxc2 21.Bxa6 Nb4 22.Bd6 Rxa6
23.Rxa6 Nxa6 24.Bxa3 Rc2 25.Bc1 Rxa2 26.Be3 h6 27.Nc5 Nb4 28.Nb3 Bf5 29.h3 Nc2
30.Bc5 Be4 31.f3 Bg6 32.Rf2 Rb2 33.Nd4 Rb1+ 34.Rf1 Rb7 35.Nxc2 Bxc2 36.Rf2 Bd3
37.Rd2 Rb3 38.Kf2 Kh7 39.Bd4 Bc4 40.Kg3 g5 41.h4 Kg6 42.hxg5 hxg5 43.Rb2  1/2-1/2

[Event "Asian Women"]
[Site "Beirut LIB"]
[Date "2004.12.11"]
[Round "9"]
[White "Zhang Jilin"]
[Black "Sachdev,T"]
[Result "1/2-1/2"]
[WhiteElo "2287"]
[BlackElo "2256"]

1.e4 c5 2.Nf3 e6 3.d4 cxd4 4.Nxd4 a6 5.Bd3 Qc7 6.O-O Nf6 7.Qe2 Bc5 8.Nb3 Ba7
9.Be3 Bxe3 10.Qxe3 Nc6 11.Nc3 b5 12.Rad1 O-O 13.Kh1 b4 14.Ne2 d5 15.Ng3 dxe4
16.Nxe4 Ng4 17.Qg3 Qxg3 18.hxg3 a5 19.Nbc5 e5 20.Nd6 Nd4 21.Be4 Ba6 22.Nxa6 Rxa6
23.Nf5 Rf6 24.Nxd4 exd4 25.Bf3 Ne5 26.Rxd4 Nxf3 27.gxf3 Rxf3 28.Rd5 Ra8 29.Kg2 Rf6
30.Re1 g6 31.Ree5 Rc8 32.Rc5 Rd8 33.Kf1 Rd2 34.Re2 Rd1+ 35.Kg2 Rb1 36.c3 bxc3
37.bxc3 a4 38.Rc2 a3 39.Ra5 Rb2 40.Rxb2 axb2 41.Rb5 Rc6 42.Rxb2 Rxc3 43.Kf1 Ra3
44.Ke1 Kg7 45.Kd2 h5 46.Rc2 g5 47.Ke2 Kg6 48.Kf1 Kf5 49.Kg2 h4 50.Rc5+  1/2-1/2

[Event "Master Open"]
[Site "Singapore SIN"]
[Date "2004.12.11"]
[Round "1"]
[White "Rismanto,R"]
[Black "Goh Weiming"]
[Result "0-1"]
[WhiteElo "2169"]
[BlackElo "2353"]

1.e4 c5 2.Nf3 e6 3.d4 cxd4 4.Nxd4 a6 5.Bd3 Bc5 6.Nb3 Ba7 7.O-O Nc6 8.c4 Nf6
9.Nc3 Qc7 10.Bg5 Ne5 11.Bf4 h5 12.Rc1 Nfg4 13.c5 g5 14.Bg3 h4 15.Qxg4 hxg3
16.Qxg3 Bb8 17.Rfd1 Qd8 18.Be2 Ng6 19.Rd6 Bxd6 20.cxd6 f6 21.Na4 b5 22.Nac5 Kf7
23.e5 f5 24.Nd3 Bb7 25.Qe3 g4 26.Rc7 Rxh2 27.Kxh2 Qh4+ 28.Kg1 Rh8 29.f4 g3
30.Bh5 Rxh5 31.Kf1 Qh1+ 32.Ke2 Qxg2+ 33.Kd1 Rh1+ 34.Ne1 Bf3+ 35.Kc1  0-1

[Event "Bykova Mem"]
[Site "Vladimir RUS"]
[Date "2004.12.11"]
[Round "5"]
[White "Pogonina,N"]
[Black "Burtasova,A"]
[Result "1/2-1/2"]
[WhiteElo "2385"]
[BlackElo "2273"]

1.e4 c5 2.Nf3 e6 3.d4 cxd4 4.Nxd4 a6 5.Bd3 Nf6 6.O-O d6 7.c4 b6 8.Nc3 Bb7
9.Qe2 Nbd7 10.b3 Qc7 11.Bb2 Be7 12.Rad1 Rc8 13.Kh1 O-O 14.f4 Rfe8 15.Bb1 Qb8
16.Rde1 Qa8 17.a3 Rc7 18.Nf3 Nf8 19.Nd2 N6d7 20.Qd3 Ng6 21.b4 Rcc8 22.Bc2 Bc6
23.Bb3 Qb8 24.Ne2 Bh4 25.Rd1 Bf6 26.Nd4 Bb7 27.Ba1 Rcd8 28.Ba4 Qa8 29.Rde1 Re7
30.f5 Nde5 31.Qg3 Bh4 32.Qh3 exf5 33.Nxf5 Bxe1 34.Nxe7+ Nxe7 35.Rxe1 N7g6
36.Bd4 Bc6 37.Bxc6 Qxc6 38.Qb3 Rc8 39.Rc1 Nf4 40.Qe3 Ne6 41.Bxb6 Ng4 42.Qg1 Qa4
43.h3 Ne5 44.Qe3 Nd7 45.Ba5 Qc6 46.Qd3 Nf4 47.Qe3 g5 48.Nf3 f6 49.Nd4 Qa8
50.Nf5 Re8 51.Nxd6 Re6 52.Rd1 f5 53.Qg3 h6 54.Nxf5 Qxe4 55.Ne3 Qxe3 56.Qxe3 Rxe3
57.Rxd7 Re1+ 58.Kh2 Re2 59.Rd6 Rxg2+ 60.Kh1 Rg3 61.Rxh6 Rxa3 62.Rxa6 Rxh3+
63.Kg1 g4 64.Bc7 Rg3+ 65.Kf1 Rf3+ 66.Ke1 Nd3+ 67.Ke2 Nxb4 68.Rg6+ Kf7 69.Rxg4 Rh3
70.Re4 Rh6 71.Kd2 Re6 72.Rd4 Nc6 73.Rd5 Ke7 74.Kc3 Re3+ 75.Kb2 Rh3 76.c5 Nb4
77.Rd4 Nd3+ 78.Kc2 Nxc5 79.Bd6+ Ke6 80.Bxc5 Ke5 81.Rd8 Ke4 82.Bb4 Rf3 83.Bc3 Rh3
84.Kb3 Rd3 85.Re8+ Kd5 86.Kb4 Rh3 87.Re5+ Kd6 88.Bd4 Rh1 89.Ra5 Rb1+ 90.Kc4 Rc1+
91.Bc3 Ke6 92.Re5+ Kd6 93.Rf5 Rh1 94.Rf6+ Ke7 95.Ra6 Rh5 96.Kd4 Kd7 97.Ke4 Rc5
98.Bd4 Rb5 99.Be5 Rb4+ 100.Kd5 Rb5+ 101.Kd4 Ke7 102.Ke4 Kd7 103.Kf5 Rb1 104.Rd6+ Ke7
105.Rc6 Rf1+ 106.Bf4 Rd1 107.Be5 Rd5 108.Ke4 Ra5 109.Kf5 Rd5 110.Rh6 Kd7
111.Rh7+ Kc6 112.Rc7+ Kb5 113.Ke4 Rd8 114.Bf6 Rd6 115.Bd4 Rd8 116.Rc5+ Kb4
117.Rc6 Re8+ 118.Kd3 Rb8 119.Rc1 Rg8 120.Rb1+ Ka5 121.Kc4 Ka6 122.Rb6+ Ka5
123.Rb7 Rc8+ 124.Bc5 Rc6 125.Kd5 Rg6 126.Kc4 Rg4+ 127.Bd4 Rg6 128.Rb1 Ka6
129.Kd5 Rh6 130.Be5 Rb6  1/2-1/2

[Event "Master Open"]
[Site "Singapore SIN"]
[Date "2004.12.12"]
[Round "2"]
[White "Situru,N"]
[Black "Purba,C"]
[Result "1/2-1/2"]
[WhiteElo "2390"]
[BlackElo "2181"]

1.e4 c5 2.Nf3 e6 3.d4 cxd4 4.Nxd4 a6 5.Bd3 Nf6 6.O-O Qc7 7.c4 b6 8.Nc3 Bb7
9.Be3 h5 10.h3 Be7 11.Rc1 d6 12.f4 Nbd7 13.Qf3 h4 14.Bf2 Rc8 15.Rfe1 Rh5
16.b3 Kf8 17.Qd1 Rh6 18.Qd2 Nh5 19.Nf3  1/2-1/2

[Event "ch-IND"]
[Site "Visakhapatnam IND"]
[Date "2004.12.12"]
[Round "11"]
[White "Barua,D"]
[Black "Prathamesh,S"]
[Result "1-0"]
[WhiteElo "2525"]
[BlackElo "2390"]

1.e4 c5 2.Nf3 e6 3.d4 cxd4 4.Nxd4 a6 5.Bd3 g6 6.c4 Bg7 7.Ne2 d6 8.Nbc3 Qc7
9.O-O Nf6 10.Bf4 Nbd7 11.Rc1 Ne5 12.h3 O-O 13.b3 b6 14.Bb1 Bb7 15.Qd2 Rfd8
16.Bg5 Ned7 17.Rfd1 Nf8 18.Qe3 Rab8 19.Rd2 Ba8 20.Rcd1 b5 21.c5 dxc5 22.Rxd8 Rxd8
23.Rxd8 Qxd8 24.e5 b4 25.exf6 Bh8 26.Be4 bxc3 27.Bxa8 Qxa8 28.Qxc5 h6 29.Bxh6 Nd7
30.Qc7 Nxf6 31.Nxc3 Nd5 32.Nxd5 exd5 33.Bg5 Qe8 34.Qd8 Qxd8 35.Bxd8 f5 36.Kf1 Kf7
37.Ke2 Ke6 38.Kd3 Be5 39.Ba5 Bf6 40.Bc3 Be7 41.Bd2 Bf6 42.Be3 Kd7 43.Bd4 Be7
44.g4 fxg4 45.hxg4 Ke6 46.Kc3 Kd7 47.b4 Kc6 48.a4 g5 49.Be5 Bd8 50.f4 gxf4
51.Bxf4 Bf6+ 52.Kd3 Be7 53.Bd2  1-0

[Event "Master Open"]
[Site "Singapore SIN"]
[Date "2004.12.13"]
[Round "4"]
[White "Singh,G"]
[Black "Ramu,K"]
[Result "0-1"]
[WhiteElo "2341"]
[BlackElo "2258"]

1.e4 c5 2.Nf3 e6 3.d4 cxd4 4.Nxd4 a6 5.Bd3 Bc5 6.Nb3 Ba7 7.Nc3 Nc6 8.Qe2 d6
9.Be3 Nge7 10.O-O-O O-O 11.Rhe1 b5 12.Qh5 Ng6 13.Bxa7 Rxa7 14.g3 b4 15.Ne2 e5
16.Bc4 Be6 17.Bd5 Bxd5 18.Rxd5 Nge7 19.Rd2 a5 20.Red1 a4 21.Rxd6 Qb6 22.Nd2 Qxf2
23.Kb1 Qc5 24.Rd3 Rc7 25.Rc1 Rfc8 26.Nf1 g6 27.Qh6 Nd4 28.Nxd4 exd4 29.Nd2 Nc6
30.Nf3 f6 31.Qd2 Ne5 32.Nxe5 fxe5 33.Rf3 Qc6 34.Qd3 Kg7 35.Rf2 Rb7 36.b3 axb3
37.axb3 Ra7  0-1

[Event "UTD GM"]
[Site "Dallas USA"]
[Date "2004.12.14"]
[Round "8"]
[White "Schneider,Dm"]
[Black "Simutowe,A"]
[Result "1/2-1/2"]
[WhiteElo "2453"]
[BlackElo "2424"]

1.e4 c5 2.Nf3 e6 3.d4 cxd4 4.Nxd4 a6 5.Bd3 Qc7 6.Nc3 Nf6 7.O-O b5 8.Qe2 b4
9.Nb1 Bb7 10.c3 Nc6 11.Nxc6 Qxc6 12.f3 d5 13.e5 Nd7 14.Kh1 Nc5 15.Be3 Nxd3
16.Qxd3 Qb5 17.Qxb5+ axb5 18.cxb4 Bxb4 19.Nc3 Bc6 20.a3 Be7 21.b4 f6 22.Bd4 Kf7
23.f4 f5 24.Ne2 Rhc8 25.Rfc1 g5 26.g3 gxf4 27.gxf4 Bd7 28.Rxc8 Rxc8 29.Rc1 Rc4
30.Kg2 Bf8 31.Kf3  1/2-1/2

[Event "Master Open"]
[Site "Singapore SIN"]
[Date "2004.12.14"]
[Round "6"]
[White "Situru,N"]
[Black "Ramu,K"]
[Result "1-0"]
[WhiteElo "2390"]
[BlackElo "2258"]

1.e4 c5 2.Nf3 e6 3.d4 cxd4 4.Nxd4 a6 5.Bd3 Bc5 6.Nb3 Ba7 7.O-O Nc6 8.Qg4 Nf6
9.Qg3 d6 10.Nc3 Ne5 11.a4 O-O 12.Be2 Bd7 13.Bg5 Kh8 14.Rad1 Bb8 15.Kh1 h6
16.Be3 Bc6 17.f4 Ng6 18.f5 Ne5 19.fxe6 fxe6 20.Nd4 Qe7 21.Qh3 Bd7 22.g4 Bc7
23.g5 Ng8 24.Rg1 g6 25.gxh6 Rae8 26.Rg3 Qh7 27.Qg2 Ne7 28.Bg5 Ng8 29.Be3 Nf7
30.Bh5 Ne7 31.Nf3 Bc6 32.Bg4 e5 33.Be6 Rg8 34.Ng5 Nxg5 35.Bxg5 Rgf8 36.Bb3 Nf5
37.Rf3 Bd8 38.Rdf1 Bxg5 39.Qxg5 Qe7 40.Qxe7 Rxe7 41.Bd5 Bxd5 42.Nxd5 Ref7
43.exf5 gxf5 44.Rb3 Re8 45.c4 Kh7 46.c5 Re6 47.Rb6 Rxh6 48.Ne3 dxc5 49.Rxh6+ Kxh6
50.Rxf5  1-0

[Event "It"]
[Site "Subotica SCG"]
[Date "2004.12.14"]
[Round "7"]
[White "Pavlik,G"]
[Black "Palkovi,J"]
[Result "0-1"]
[WhiteElo "2166"]
[BlackElo "2426"]

1.e4 c5 2.Nf3 e6 3.d4 cxd4 4.Nxd4 a6 5.Bd3 Qc7 6.c4 Nf6 7.O-O b6 8.Nc3 Bb7
9.Be3 d6 10.Rc1 Nbd7 11.f3 Be7 12.Qd2 O-O 13.Rfd1 Rac8 14.Kh1 Qb8 15.Bf1 Qa8
16.a3 Rfe8 17.Bf2 Kh8 18.Be3 Rg8 19.Bg5 h6 20.Be3 g5 21.Bf2 h5 22.Re1 Bf8
23.Bd3 Qb8 24.b4 h4 25.Be3 Nh7 26.h3 Bg7 27.Nb3 Be5 28.Bf1 Rg7 29.Red1 Rcg8
30.Bd4 f5 31.Bxe5 dxe5 32.Qd6 Qe8 33.c5 Ndf6 34.Qxe5 g4 35.Nd4 gxh3 36.Rc2 fxe4
37.Nxe4 Bxe4 38.fxe4 Ng4 39.Qxe6 Ne3 40.Qxe8 Rxe8 41.Nf5 Nxc2 42.Nxg7 Kxg7
43.Rd7+ Kh6 44.c6 Nf6 45.e5 Ne3 46.exf6 Nxf1 47.f7 Ng3+ 48.Kg1 Re4 49.Kf2 Rf4+
50.Ke3 hxg2 51.f8=Q+ Rxf8 52.Rd1  0-1

[Event "ch-IND"]
[Site "Visakhapatnam IND"]
[Date "2004.12.15"]
[Round "15"]
[White "Shetty,R"]
[Black "Koneru,H"]
[Result "1-0"]
[WhiteElo "2369"]
[BlackElo "2503"]

1.e4 c5 2.Nf3 e6 3.d4 cxd4 4.Nxd4 a6 5.Bd3 Nf6 6.O-O Qc7 7.Qe2 d6 8.c4 Be7
9.b3 Nbd7 10.Bb2 b6 11.Nc3 Bb7 12.Kh1 O-O 13.f4 Rfe8 14.Rae1 Rad8 15.Bb1 Bf8
16.Qe3 g6 17.Qh3 Bg7 18.Nf3 Nh5 19.Ng5 Nf8 20.Qh4 Qe7 21.Qf2 Nd7 22.Rd1 h6
23.Nh3 f5 24.exf5 gxf5 25.Rfe1 Qf8 26.Re3 Nhf6 27.Qe2 Ng4 28.Rxe6 Nc5 29.Bxf5 Ne5
30.Rxe8 Rxe8 31.Qh5 Qf7 32.Qxf7+ Nxf7 33.Kg1 Re3 34.Rc1 Nd3 35.Bxd3 Rxd3
36.Rc2 Bc8 37.Nd5 Bxh3 38.gxh3 Bxb2 39.Rxb2 b5 40.Kg2 Rd4 41.Rc2 bxc4 42.bxc4 Nd8
43.Kf3 Ne6 44.Kg4 Kf7 45.h4 Re4 46.Rb2 Nc5 47.Kh5 Rxc4 48.Kxh6 Rd4 49.Nc7 Rxf4
50.Kg5 Rf1 51.Kg4 a5 52.Rd2 Ne4 53.Rd4 Nf6+ 54.Kg3 Rc1 55.Nd5 Nd7 56.Nf4 Rc3+
57.Rd3 Rc6 58.h5 Nf6 59.h6 a4 60.Nd5 Nxd5 61.Rxd5 Kg6 62.Rd4 a3 63.Rd3 Ra6
64.Kf4 Kxh6 65.Kf5 Kg7 66.Ke6  1-0

[Event "Open"]
[Site "Zadar CRO"]
[Date "2004.12.15"]
[Round "4"]
[White "Vranjic,M"]
[Black "Devcic,D"]
[Result "0-1"]
[WhiteElo "1805"]
[BlackElo "2205"]

1.e4 c5 2.Nf3 e6 3.d4 cxd4 4.Nxd4 a6 5.Bd3 Bc5 6.Nb3 Be7 7.O-O d6 8.Nc3 Nd7
9.f4 Ngf6 10.Qf3 Qc7 11.g4 h6 12.Be3 b5 13.a4 b4 14.Ne2 Bb7 15.c3 d5 16.Ng3 Nc5
17.Nxc5 Bxc5 18.h3 Rd8 19.cxb4 dxe4 20.Bxe4 Nxe4 21.Nxe4 Bxe3+ 22.Qxe3 Qc2
23.Nf2 Qc6 24.Qg3 O-O 25.Rac1 Qxa4 26.Qa3 Qb5 27.Rc5 Qe2 28.Re5 Qd2 29.Qe3 Qxb2
30.Ne4 Rd4 31.Rf2 Qxb4 32.Nc3  0-1

[Event "ch-IND"]
[Site "Visakhapatnam IND"]
[Date "2004.12.16"]
[Round "17"]
[White "Ganguly,S"]
[Black "Kunte,A"]
[Result "1/2-1/2"]
[WhiteElo "2559"]
[BlackElo "2550"]

1.e4 c5 2.Nf3 e6 3.d4 cxd4 4.Nxd4 a6 5.Bd3 Bc5 6.Be3 d6 7.Qe2 Ne7 8.Nc3 O-O
9.O-O-O Bxd4 10.Bxd4 Nbc6 11.Be3 b5 12.f4 Qc7 13.Qh5 Nb4 14.a3 Nxd3+ 15.Rxd3 f5
16.Rhd1 fxe4 17.Nxe4 d5 18.Rc3 Qd7 19.Bb6 e5 20.Rc7 Qf5 21.Qxf5 Nxf5 22.Rxd5 exf4
23.Re5 Nh4 24.Bc5 Rd8 25.Be7 Ng6 26.Rec5 Re8 27.Nd6 Rxe7 28.Rxc8+ Rxc8 29.Rxc8+ Nf8
30.Kd2 Re6 31.Nf5 g6 32.Nd4 Rd6 33.Kc3 Kf7 34.Nf3 Ne6 35.Kb4 g5 36.h3 Kf6
37.a4  1/2-1/2

[Event "Bykova Mem"]
[Site "Vladimir RUS"]
[Date "2004.12.16"]
[Round "9"]
[White "Shadrina,T"]
[Black "Burtasova,A"]
[Result "1-0"]
[WhiteElo "2401"]
[BlackElo "2273"]

1.e4 c5 2.Nf3 e6 3.d4 cxd4 4.Nxd4 a6 5.Bd3 Nf6 6.O-O d6 7.a4 b6 8.Nc3 Bb7
9.Qf3 g6 10.Bg5 Bg7 11.Rad1 O-O 12.Qh3 Nbd7 13.Kh1 Qc7 14.f4 Rfe8 15.f5 exf5
16.exf5 Qc5 17.Nde2 Re5 18.Rf4 Rae8 19.Rdf1 Qc6 20.Nd4 Qc8 21.Nf3 R5e7 22.Qh4 Qa8
23.fxg6 fxg6 24.Bxf6 Nxf6 25.Rxf6 Bxf6 26.Qxf6 Rf7 27.Qxd6 Bxf3 28.gxf3 Rxf3
29.Qd5+ Qxd5 30.Nxd5 Rxf1+ 31.Bxf1 Re1 32.Kg2 Rc1 33.Bd3 b5 34.a5 Ra1 35.b4 Rb1
36.c4 Rd1 37.cxb5 Rxd3 38.bxa6 Rxd5 39.a7 Rd8 40.b5 Ra8 41.b6  1-0

[Event "XIII Open"]
[Site "Erandio ESP"]
[Date "2004.12.20"]
[Round "5"]
[White "Bojkov,D"]
[Black "Kovacevic,Sl"]
[Result "1-0"]
[WhiteElo "2475"]
[BlackElo "2367"]

1.e4 c5 2.Nf3 e6 3.d4 cxd4 4.Nxd4 a6 5.Bd3 Nf6 6.O-O d6 7.c4 b6 8.Nc3 Bd7
9.Qe2 Nc6 10.Nxc6 Bxc6 11.b3 Be7 12.Bb2 O-O 13.Rae1 Re8 14.f4 Nd7 15.e5 dxe5
16.fxe5 Nxe5 17.Qxe5 Qxd3 18.Ne4 Bf8 19.Rf3 Bxe4 20.Rxd3 Bxd3 21.Qe3 Bf5
22.Qxb6 a5 23.Be5 Red8 24.c5 Rd5 25.Bd6 Rc8 26.Bxf8 Kxf8 27.Rc1 Rd2 28.Qxa5 Re2
29.Qa6  1-0